000 00349pab a2200133 454500
008 180718b xxu||||| |||| 00| 0 eng d
100 _aArora Sushil
245 _aConcept of ageing and problems of the aged: some observations
362 _a73(3), Sep 93, p.251-57
650 _a Ageing
650 _aOld Age
773 _aMan in India
909 _a25664
999 _c25664
_d25664